Normal view
MARC view
Entry Personal Name
001 - CONTROL NUMBER
- control field: 6769
003 - CONTROL NUMBER IDENTIFIER
- control field: ARRUPE
005 - DATE AND TIME OF LATEST TRANSACTION
- control field: 20140121123856.0
008 - FIXED-LENGTH DATA ELEMENTS
- fixed length control field: 140121|| aca||aabn | a|a d
040 ## - CATALOGING SOURCE
- Original cataloging agency: ARRUPE
- Transcribing agency: ARRUPE
100 ## - HEADING--PERSONAL NAME
- Personal name: Lonergan, Bernard J. F.
670 ## - SOURCE DATA FOUND
- Source citation: Work cat.: (ARRUPE): Lonergan, Bernard J. F., Early works on theological method 2, 2013